00486 2200169 4500245003700000020002200037250001100059100001600070700001800086650001000104005001900114260007600133041001400209084001000223300007400233336000900307 aJagapati BumicAnna FaridahText a978-623-118-063-6 aCet. 1 aAnna Farida aFanny Santoso aMitos a20240902093917 aJakartabKementerian Pendidikan, Kebudayaan, Riset, dan Teknologic2023 aIndonesia a398.2 aPT San 10–18 pt, ParaType Google Fonts vi, 90 hlm., 17,6 x 25 cm. : atext